00618nam a2200193Ia 4500008004100000020001400041082001700055100002000072245003000092250000700122260004500129300002200174500001900196600002100215650005000236942000700286952011600293999001500409240925s9999 xx 000 0 und d a134553535 a005.7565 HOG aHogoboom, Karen 0aSybase Systems Management aNA aNew Jersey:bPrintice- Hall Int.c,1997. axiv,624p.bNAfNA aIncludes Index aComputer Science aComputer science, information & general works cBK 001040708CSaUITUbUITUd2000-07-28eNAg295.00l0o005.7565 HOGpQ2582r2024-09-25 07:12:51w2024-09-25yBK c5081d5081